Central Library OPAC University of Rajshahi

Psychological testing / (Record no. 37809)

MARC details
000 -LEADER
fixed length control field 00865cam a2200301 a 4500
001 - CONTROL NUMBER
control field 37809
003 - CONTROL NUMBER IDENTIFIER
rucl marc code BD-RjUL
005 - DATE AND TIME OF LATEST TRANSACTION
control field 20211209052646.0
008 - FIXED-LENGTH DATA ELEMENTS--GENERAL INFORMATION
fixed length control field 150726s1982 nyua b 001 0 eng
020 ## - INTERNATIONAL STANDARD BOOK NUMBER
International Standard Book Number 0023029609
035 ## - SYSTEM CONTROL NUMBER
System control number (BD-RjUL)37914
040 ## - CATALOGING SOURCE
Original cataloging agency DLC
Transcribing agency DLC
Modifying agency DLC
-- BD-RjUL
Language of cataloging eng
041 ## - LANGUAGE CODE
Language code of text/sound track or separate title eng
060 ## - NATIONAL LIBRARY OF MEDICINE CALL NUMBER
Classification number WM 145 A534p
082 00 - DEWEY DECIMAL CLASSIFICATION NUMBER
Classification number 150.287
Edition number 19
100 1# - MAIN ENTRY--PERSONAL NAME
Personal name Anastasi, Anne,
Dates associated with a name 1908-2001.
9 (RLIN) 117140
245 10 - TITLE STATEMENT
Title Psychological testing /
Statement of responsibility, etc. Anne Anastasi.
250 ## - EDITION STATEMENT
Edition statement 5th ed.
260 ## - PUBLICATION, DISTRIBUTION, ETC. (IMPRINT)
Place of publication, distribution, etc. New York :
Name of publisher, distributor, etc. Macmillan ;
Place of publication, distribution, etc. London :
Name of publisher, distributor, etc. Collier Macmillan,
Date of publication, distribution, etc. c1982.
300 ## - PHYSICAL DESCRIPTION
Pagination xiii, 784 p. :
Illustrations ill. ;
Size 24 cm.
500 ## - GENERAL NOTE
General note Includes indexes.
504 ## - BIBLIOGRAPHY, ETC. NOTE
Bibliography, etc Bibliography: p. 683-751.
650 #0 - SUBJECT ADDED ENTRY--TOPICAL TERM
Topical term or geographic name as entry element Psychological tests.
9 (RLIN) 117141
Topical term or geographic name as entry element Psychological tests.
9 (RLIN) 117141
942 ## - ADDED ENTRY ELEMENTS (KOHA)
Source of classification or shelving scheme Dewey Decimal Classification
Koha item type Books
Holdings
Lost status Source of classification or shelving scheme Damaged status Not for loan Collection code Permanent Location Current Location Shelving location Date acquired Source of acquisition Cost, normal purchase price Total Checkouts Full call number Date last seen Date checked out Copy number Koha item type
  Dewey Decimal Classification     Non-fiction Central Library, University of Rajshahi Central Library, University of Rajshahi   05/10/1983 Tulip enterprise 815.80 7 150.287 ANP 1982 28/11/2017 16/11/2017 C-10 Books